Función del estado en la economía (Registro nro. 5308)
[ vista simple ]
| 000 -LEADER | |
|---|---|
| fixed length control field | 01495 a2200289 4500 |
| 001 - CONTROL NUMBER | |
| control field | 53964 |
| 005 - DATE AND TIME OF LATEST TRANSACTION | |
| control field | 20260407155810.0 |
| 008 - FIXED-LENGTH DATA ELEMENTS--GENERAL INFORMATION | |
| fixed length control field | 260407a1973 arg spa d |
| 003 - CONTROL NUMBER IDENTIFIER | |
| control field | AR-UNSa-BCEJYS |
| 040 ## - CATALOGING SOURCE | |
| Original cataloging agency | AR-UNSa-BCEJYS |
| Language of cataloging | spa |
| Transcribing agency | AR-UNSa-BCEJYS |
| 080 ## - UNIVERSAL DECIMAL CLASSIFICATION NUMBER | |
| Universal Decimal Classification number | 336.13 |
| Common auxiliary subdivision | Finanzas del sector público |
| 041 ## - LANGUAGE CODE | |
| Language code of text/sound track or separate title | spa |
| 100 1# - MAIN ENTRY--PERSONAL NAME | |
| Personal name | Cholvis, Francisco |
| 245 10 - TITLE STATEMENT | |
| Title | Función del estado en la economía |
| 264 #1 - PRODUCTION, PUBLICATION, DISTRIBUTION, MANUFACTURE, AND COPYRIGHT NOTICE | |
| Place of production, publication, distribution, manufacture | Buenos Aires : |
| Name of producer, publisher, distributor, manufacturer | Cuenca Ediciones |
| Date of production, publication, distribution, manufacture, or copyright notice | 1973 |
| 300 ## - PHYSICAL DESCRIPTION | |
| Extent | vii, 198 p. |
| Dimensions | 20 cm. |
| 505 ## - FORMATTED CONTENTS NOTE | |
| Formatted contents note | Francisco Cholvis: Principios generales - Alfredo Eric Calcagno: Las empresas públicas en un proceso de acumulación - Salmón Fainstein: Carácter del capital del Estado en los distintos regímenes sociales - Eugenio Gastiazoro: Papel del Estado según las doctrinas imperantes históricamente en la Argentina: neoliberalismo, desarrollismo y nacionalismo - Ernesto Miguel Malpede: La política ,las empresas estatales y la política exterior - Juan Luis Nodel: El Estado y la planificación - Juan Sábato: Rentabilidad y eficiencia de la empresa estatal.El ejemplo de la energía - Arturo Enrique Sampay: Valor de los bienes de interés público expropiados por el Estado |
| 590 ## - LOCAL NOTE (RLIN) | |
| Local note | niveau_biblio:m niveau_hierar:0 |
| 700 1# - ADDED ENTRY--PERSONAL NAME | |
| Personal name | Calcagno, Alfredo Eric |
| 700 1# - ADDED ENTRY--PERSONAL NAME | |
| Personal name | Fainstein, Salomón |
| 700 1# - ADDED ENTRY--PERSONAL NAME | |
| Personal name | Gastiazoro, Eugenio |
| 700 1# - ADDED ENTRY--PERSONAL NAME | |
| Personal name | Malpede, Ernesto Miguel |
| 700 1# - ADDED ENTRY--PERSONAL NAME | |
| Personal name | Nodel, Juan Luis |
| 700 1# - ADDED ENTRY--PERSONAL NAME | |
| Personal name | Sábato, Juan |
| 700 1# - ADDED ENTRY--PERSONAL NAME | |
| Personal name | Sampay, Arturo Enrique |
| 942 ## - ADDED ENTRY ELEMENTS (KOHA) | |
| Koha item type | |
| Withdrawn status | Lost status | Damaged status | Not for loan | Home library | Current library | Shelving location | Date acquired | Total checkouts | Full call number | Barcode | Date last seen | Price effective from | Koha item type |
|---|---|---|---|---|---|---|---|---|---|---|---|---|---|
| Biblioteca Prof. Eusebio Cleto del Rey | Biblioteca Prof. Eusebio Cleto del Rey | 07/04/2026 | 336.13 F979 | L25827 | 07/04/2026 | 07/04/2026 | Libro | ||||||
| Biblioteca Prof. Eusebio Cleto del Rey | Biblioteca Prof. Eusebio Cleto del Rey | 07/04/2026 | 336.13 F979 | L25828 | 07/04/2026 | 07/04/2026 | Libro |